Statistics for Countries With The Most Letters A-Z - Impossible Version

Click here to take the quiz!

General Stats

  • This quiz has been taken 60 times
  • The average score is 82 of 122

Answer Stats

Letter# of LettersCountry(s)% Correct
Y2Kyrgyzstan
88%
Z1Kyrgyzstan
88%
Z1Venezuela
88%
V1Venezuela
88%
Z1Zimbabwe
88%
B2Zimbabwe
88%
W1Zimbabwe
88%
V1Vatican City
86%
H1Democratic Republic of the Congo
83%
C4Democratic Republic of the Congo
83%
O4Democratic Republic of the Congo
83%
H1Honduras
83%
B2Antigua and Barbuda
81%
A5Antigua and Barbuda
81%
J1Azerbaijan
81%
Z1Azerbaijan
81%
J1Japan
81%
J1Jordan
81%
I3Saint Kitts and Nevis
81%
T3Saint Kitts and Nevis
81%
S3Saint Kitts and Nevis
81%
V1Saint Kitts and Nevis
81%
V1Vanuatu
81%
V1Vietnam
81%
J1Jamaica
79%
Z1Kazakhstan
79%
H1Kazakhstan
79%
K2Kazakhstan
79%
X1Luxembourg
79%
Z1New Zealand
79%
W1New Zealand
79%
Q1Qatar
79%
T3United States
79%
I3Dominican Republic
76%
H1Haiti
76%
N6Saint Vincent and the Grenadines
76%
V1Saint Vincent and the Grenadines
76%
I3Saint Vincent and the Grenadines
76%
T3Saint Vincent and the Grenadines
76%
H1Saint Vincent and the Grenadines
76%
H1South Korea
76%
H1Bosnia and Herzegovina
74%
V1Bosnia and Herzegovina
74%
Z1Bosnia and Herzegovina
74%
X1Mexico
74%
H1North Korea
74%
Z1Uzbekistan
74%
H1Hungary
71%
H1Liechtenstein
71%
Q1Mozambique
71%
Z1Mozambique
71%
M2Mozambique
71%
W1Papua New Guinea
71%
I3Philippines
71%
P3Philippines
71%
H1Philippines
71%
H1Republic of the Congo
71%
H1South Sudan
71%
S3Marshall Islands
69%
H1Marshall Islands
69%
L3Marshall Islands
69%
H1South Africa
69%
W1Sweden
69%
Z1Switzerland
69%
W1Switzerland
69%
J1Tajikistan
69%
D3Trinidad and Tobago
69%
Z1Zambia
69%
Q1Equatorial Guinea
67%
S3Solomon Islands
67%
V1Tuvalu
67%
R3Central African Republic
64%
H1Afghanistan
62%
B2Barbados
62%
H1Czech Republic
62%
Z1Czech Republic
62%
F2Federated States of Micronesia
62%
T3Federated States of Micronesia
62%
S3Federated States of Micronesia
62%
E5Federated States of Micronesia
62%
H1Netherlands
62%
U3Uruguay
62%
H1Bangladesh
60%
G2Georgia
60%
Z1Tanzania
60%
J1Fiji
57%
M2Myanmar
57%
W1Norway
57%
H1Thailand
57%
H1Bahamas
55%
J1Djibouti
55%
W1Eswatini
55%
V1Ivory Coast
55%
H1Lithuania
55%
W1Rwanda
55%
H1Seychelles
55%
H1Bahrain
52%
Z1Belize
52%
H1Bhutan
52%
Z1Brazil
52%
H1China
52%
H1Ethiopia
52%
I3Kiribati
52%
V1Kosovo
52%
W1Kuwait
52%
H1North Macedonia
52%
V1Cape Verde
50%
H1Chad
50%
H1Ghana
50%
V1Latvia
50%
V1Slovakia
50%
V1Slovenia
50%
V1Bolivia
48%
W1Botswana
48%
W1Taiwan
48%
Q1Iraq
45%
H1Chile
43%
H1Lesotho
43%
W1Malawi
43%
V1Maldives
43%
V1El Salvador
40%
V1Moldova
33%

Score Distribution

Percentile by Number Answered

Percent of People with Each Score

Your Score History

You have not taken this quiz